00860nam a22002297a 450000500170000001000150001702000270003203500140005903700130007308200160008610000270010224500990012926000810022827000340030930000210034370000290036470000260039370000270041994200300044699900190047695201350049520240312125714.0 aENG-139550 c6475.00a9788181715654 aEN-123082 bDBAD/PUB a577.6809541 aChandra,Kailash963143 afaunal Diversity of Biogeographic Zones of India : /cBy Kailash Chandra ...[et.al]hEnglish  akolkatab Division by the Director, Zoological Survey of india,cMarch, 2021 aM-Block, New Alipore, Kolkata a720p.c30cm(hbk) aKosygin, Laishram962696 aRaghunathan, C962697 aGupta, Devanshu962698 2ddccENh577.6809541mCHA c201247d201247 001040718REFaAVbAVd2024-03-06eDBADg6475.00l0o577.6809541 CHApEN-123082r2024-03-06 00:00:00t1v6475.00w2024-03-06yEN